[Event "Moscow op-A 16th"]
[Site "Moscow"]
[Date "2020.01.31"]
[Round "7"]
[White "Karelin, Artem"]
[Black "Manukyan, Artyom"]
[Result "0-1"]
[WhiteElo "1859"]
[BlackElo "2185"]
[PlyCount "98"]
[EventDate "2020.01.25"]
[EventType "swiss"]
[EventRounds "9"]
[EventCountry "RUS"]
[SourceTitle "CBM 194 Extra"]
[Source "ChessBase"]
[SourceDate "2020.03.31"]
[SourceVersion "1"]
[SourceVersionDate "2020.03.31"]
[SourceQuality "1"]

1. e4 e5 2. Nf3 Nc6 3. Bb5 a6 4. Ba4 Nf6 5. d3 b5 6. Bb3 Be7 7. 0-0 d6 8. h3 0-0 9. Re1 Na5 10. c3 Nxb3 11. axb3 Re8 12. Nbd2 Bf8 13. Nf1 h6 14. Ng3 g6 15. Be3 d5 16. exd5 Nxd5 17. Qd2 Kh7 18. Qc2 Bg7 19. d4 Nxe3 20. Rxe3 exd4 21. Rxe8 Qxe8 22. Re1 Qc6 23. Ne5 Bxe5 24. Rxe5 Be6 25. Ne4 Rd8 26. Rc5 Qb6 27. cxd4 Bf5 28. g4 Bxe4 29. Qxe4 Qd6 30. Rc6 Qxd4 31. Qxd4 Rxd4 32. Rxc7 Kg7 33. Rc6 Rd3 34. Kg2 Rxb3 35. Rxa6 Rxb2 36. Rb6 Kf8 37. Rb7 b4 38. Kf3 b3 39. Ke3 Rb1 40. Kd2 Ke8 41. f4 b2 42. Kc2 Rf1 43. Kxb2 Rxf4 44. Rb3 Ke7 45. Kc2 Rd4 46. Rf3 Ke6 47. Re3+ Kf6 48. Rf3+ Kg7 49. Ra3 f5 0-1

[Event "Moscow op-A 16th"]
[Site "Moscow"]
[Date "2020.01.29"]
[Round "5"]
[White "Karelin, Artem"]
[Black "Ghazaryan, Raffi"]
[Result "1/2-1/2"]
[WhiteElo "1859"]
[BlackElo "2068"]
[PlyCount "54"]
[EventDate "2020.01.25"]
[EventType "swiss"]
[EventRounds "9"]
[EventCountry "RUS"]
[SourceTitle "CBM 194 Extra"]
[Source "ChessBase"]
[SourceDate "2020.03.31"]
[SourceVersion "1"]
[SourceVersionDate "2020.03.31"]
[SourceQuality "1"]

1. e4 c6 2. d4 d5 3. Nd2 dxe4 4. Nxe4 Bf5 5. Ng3 Bg6 6. Nf3 Nd7 7. h4 h6 8. h5 Bh7 9. Bd3 Bxd3 10. Qxd3 e6 11. Bf4 Qa5+ 12. c3 Ngf6 13. Ne5 Nd5 14. Qf3 Nxf4 15. Qxf4 Nxe5 16. dxe5 Qa6 17. 0-0-0 Qxa2 18. Ne4 Qa5 19. Rh3 Be7 20. Rg3 Rd8 21. Rxd8+ Kxd8 22. Rxg7 Qa1+ 23. Kc2 Qa4+ 24. Kc1 Qa1+ 25. Kc2 Qa4+ 26. Kc1 Qa1+ 27. Kc2 Qa4+ 1/2-1/2

[Event "Moscow op-A 16th"]
[Site "Moscow"]
[Date "2020.01.26"]
[Round "2"]
[White "Pavlov, Mark"]
[Black "Karelin, Artem"]
[Result "1-0"]
[WhiteElo "2166"]
[BlackElo "1859"]
[PlyCount "75"]
[EventDate "2020.01.25"]
[EventType "swiss"]
[EventRounds "9"]
[EventCountry "RUS"]
[SourceTitle "CBM 194 Extra"]
[Source "ChessBase"]
[SourceDate "2020.03.31"]
[SourceVersion "1"]
[SourceVersionDate "2020.03.31"]
[SourceQuality "1"]

1. d4 Nf6 2. Nf3 g6 3. Bg5 Bg7 4. c3 0-0 5. Nbd2 d6 6. e4 h6 7. Bh4 c5 8. dxc5 dxc5 9. Qc2 Nc6 10. Be2 g5 11. Bg3 Nh5 12. 0-0 Nf4 13. Bxf4 gxf4 14. Rfd1 e5 15. Nc4 Qe7 16. Nd6 Be6 17. Rd2 Rad8 18. Rad1 Kh8 19. Bb5 Bf6 20. Nf5 Bxf5 21. exf5 e4 22. Bxc6 Rxd2 23. Nxd2 e3 24. Bf3 exd2 25. Qxd2 Qc7 26. Qd7 Qa5 27. Qxb7 Qxa2 28. h3 Kg7 29. Rd7 Qb1+ 30. Kh2 Qxf5 31. Qxa7 c4 32. Qc7 Bh4 33. Rd4 Bxf2 34. Rxf4 Qb1 35. Qe5+ f6 36. Qe7+ Rf7 37. Rg4+ Kh8 38. Qe8+ 1-0